Teatro italiano de vanguardia. (Record no. 128844)

MARC details
000 -LEADER
campo de control de longitud fija 00822nam a2200229 i 4500
001 - NÚMERO DE CONTROL
campo de control 128844
003 - IDENTIFICADOR DE NÚMERO DE CONTROL
campo de control ES-MaACL
005 - FECHA Y HORA DE LA ÚLTIMA TRANSACCIÓN
campo de control 20230906193355.0
007 - CAMPO FIJO DE DESCRIPCIÓN FÍSICA--INFORMACIÓN GENERAL
campo de control de longitud fija t|
008 - DATOS DE LONGITUD FIJA--INFORMACIÓN GENERAL
campo de control de longitud fija 070528s1967 sp ||||1| spa d
080 ## - NÚMERO DE LA CLASIFICACIÓN DECIMAL UNIVERSAL
Número de la Clasificación Decimal Universal 85-2"19"(082)
245 00 - MENCIÓN DEL TÍTULO
Título Teatro italiano de vanguardia.
260 ## - PUBLICACIÓN, DISTRIBUCIÓN, ETC.
Lugar de publicación, distribución, etc. Barcelona :
Nombre del editor, distribuidor, etc. Occitania,
Fecha de publicación, distribución, etc. [1967]
300 ## - DESCRIPCIÓN FÍSICA
Extensión 136 p., 3 h. ;
Dimensiones 21 cm.
505 8# - NOTA DE CONTENIDO CON FORMATO
Nota de contenido con formato Contiene: Sigfrido en Stalingrado/ Luigi Candoni.-- Francine/ Mario Moretti.-De dónde venimos?/ Pino Caruso.-- La Marquesa viene a morir/ Pier Benedetto Bertoli.-- El puerto/ Gino d'Alessandro
700 1# - ENTRADA AGREGADA--NOMBRE PERSONAL
Nombre de persona Candoni, Luigi.
9 (RLIN) 34472
700 1# - ENTRADA AGREGADA--NOMBRE PERSONAL
Nombre de persona Moretti, Mario.
9 (RLIN) 83490
700 1# - ENTRADA AGREGADA--NOMBRE PERSONAL
Nombre de persona Caruso, Pino.
9 (RLIN) 35924
700 1# - ENTRADA AGREGADA--NOMBRE PERSONAL
Nombre de persona Bartoli, Pier Benedetto.
9 (RLIN) 26152
700 1# - ENTRADA AGREGADA--NOMBRE PERSONAL
Nombre de persona Alessandro, Gino d'.
9 (RLIN) 19751
852 ## - LOCALIZACIÓN
Ubicación ES-MaACL
Número de control de estantería C-32834
Sublocalización o colección R.63267
Holdings
Estatus retirado Estado de pérdida Estado de daño No para préstamo Biblioteca de origen Biblioteca actual Ubicación en estantería Fecha de adquisición Fuente de adquisición Total de préstamos Signatura topográfica completa Código de barras Visto por última vez Precio de reemplazo Tipo de ítem Koha
        Biblioteca del Ateneo de Madrid Biblioteca del Ateneo de Madrid Depósito 2 17/01/2008     C-32834 1134178 23/02/2023 23/02/2023 Libro impreso